Biblioteca

Cosmovisión bíblica frente al paganismo moderno (Registro nro. 51202)

Detalles MARC
000 -LÍDER
Campo fijo de descripción fija 01321aab a2200229 i 4500
001 - NÚMERO DE CONTROL
Campo de control 768714001
003 - IDENTIFICADOR DEL NÚMERO DE CONTROL
Campo de control CO-MdFUSB
005 - FECHA Y HORA DE LA ULTIMA TRANSACCIÓN
control field 20230111093719.0
008 - ELEMENTOS DE LONGITUD FIJA -- INFORMACIÓN GENERAL
Campo fijo de descripción fija -- Información general 161108s1997 gt ||||| |||| 00| 0 spa d
022 ## - NÚMERO INTERNACIONAL NORMALIZADO PARA PUBLICACIONES SERIADAS
Número Internacional Normalizado para Publicaciones Seriadas 1014-9341
040 ## - FUENTE DE CATALOGACIÓN
Agencia Catalogadora CO-MdFUSB
Idioma de catalogación spa
Agencia que realiza la transcripción CO-MdFUSB
Agencia que realiza la modificación CO-MdFUSB
041 ## - CÓDIGO DE IDIOMA
Código de idioma para texto/pista de sonido o título separado spa
100 1# - ASIENTO PRINCIPAL--NOMBRE PERSONAL
Nombre personal Breneman, Mervin (1930-)
Término relacionador autor
245 10 - TÍTULO
Título Cosmovisión bíblica frente al paganismo moderno
Subtitulo (segunda de dos partes)
Mención de responsabilidad / Dr. Mervin Breneman
300 ## - DESCRIPCIÓN FÍSICA
Extensión Número 21 (Julio- Diciembre, 1997), páginas 7-28
Dimensiones ; 22 cm
520 ## - NOTA DE RESUMEN, ETC.
Nota de sumario, etc. La cosmovisión pagana antigua comparte con el humanismo racionalista, el pos- modernismo y la nueva era una especie de pensamiento panteísta. Como resultado, los conceptos de la naturaleza y del ser humano en estos movimientos difieren significativamente de los conceptos bíblicos. Frente a estas diferencias, los cristianos son llamados a cuidar la naturaleza de manera responsable, conocer a Dios por medio de Jesucristo, ser protagonista en la historia y proclamar la palabra de Dios.
546 ## - NOTA DE IDIOMA
Nota de idioma Texto en Español
653 ## - TÉRMINO DE INDIZACIÓN - NO CONTROLADO
Término no controlado Cosmovisión cristiana
773 0# - ASIENTO DE ITEM FUENTE
Título Kairós
Biblionumber 49489
Itemnumber 61202
Parte(s) relacionada(s) / Volumen., número. (mes año), páginas Número 21 (julio- diciembre, 1997), páginas 7-28
Enumeración y primera página Página 7
773 0# - ASIENTO DE ITEM FUENTE
Biblionumber 49489
Itemnumber 81311
Parte(s) relacionada(s) / Volumen., número. (mes año), páginas Número 21 (julio- diciembre, 1997), páginas 7-28
Enumeración y primera página Página 7
Título Kairós
942 ## - TIPO DE MATERIAL (KOHA)
Tipo de Item KOHA Artículos de Revista

No hay ítems disponibles.

Biblioteca FUSBC | Teléfono: (57+4) 349 88 10 Ext. 141| WhatsApp (+57) 3005338115 
E-mail: biblioteca@unisbc.edu.co | Calle 76 87-14 Robledo Palenque, Medellín, Colombia

Con tecnología Koha